[Event "25th Roquetas de Mar Open"]
[Site "Roquetas de Mar ESP"]
[Date "2014.01.06"]
[Round "9.6"]
[White "Santos Ruiz,Miguel"]
[Black "Movsziszian,K"]
[Result "0-1"]
[WhiteElo "2297"]
[BlackElo "2509"]

1.e4 g6 2.d4 Bg7 3.Nc3 a6 4.f4 b5 5.Nf3 d6 6.Bd3 Nd7 7.Ne2 c5 8.c3 Bb7 9.O-O cxd4
10.cxd4 Ngf6 11.Ng3 O-O 12.Kh1 e5 13.fxe5 dxe5 14.d5 Ne8 15.Bg5 f6 16.Bd2 Nd6
17.Bb4 Qb6 18.Qd2 Rfc8 19.Ba5 Qa7 20.b3 Bf8 21.Rae1 Nf7 22.Nh4 Qc5 23.Qe2 Bg7
24.Qg4 Nf8 25.b4 Qc3 26.Bb1 Nd6 27.Re2 Qa3 28.Ref2 Rc1 29.Rxc1 Qxc1+ 30.Rf1 Qc4
31.h3 Qc3 32.Rf3 Qb2 33.Rb3 Qc1+ 34.Kh2 h5 35.Qf3 Rc8 36.Bb6 Qf4 37.Qxf4 exf4
38.Ne2 Re8 39.Nc3 Nc4 40.Bc5 Nd2 41.Rb2 Nxb1 42.Rxb1 f5 43.Bxf8 Kxf8 44.Ne2 g5
45.Nxf5 Rxe4 46.Nxg7 Kxg7 47.Nc3 Rc4 48.Re1 Rxc3 49.Re7+ Kf6 50.Rxb7 Rc2
51.Rb6+ Ke5 52.Rg6 Kf5 53.Rg8 Rxa2 54.Rf8+ Ke5 55.Rg8 f3 56.Rxg5+ Kf6 57.Rg3 Rxg2+
58.Rxg2 fxg2 59.Kxg2 Ke5 60.Kg3 Kxd5  0-1